00790cam a2200229 a 450000100100000000500170001000800410002704000250006808200170009310000210011024501330013126000540026430000210031849000100033965000160034965000340036565000250039965000330042465000580045770000350051583000100055000000654020200929153940.0780515s1970 cr 001 0 spa  aDO-SdBNPbspacBNPHU a929.9bF395b1 aFerro, Carlos A.14aLas banderas centroamericanas :bsu inspiración en el pabellón argentino /cCarlos A. Ferro ; prólogo Jorge Fidel Durón. aSan José, Costa Rica :bCentroamericana,c1970. a186 p. ;c20 cm.1 aTemas 4aHeráldica 4aBanderasxHistoriazGuatemala 4aBanderaszCosta Rica 4aBanderasxHistoriazHonduras 4aEmblema nacionalzAmérica LatinaxHistoriaxFuentes1 aDurón, Jorge Fidel,epról. 0aTemas